MDQL
is popping MORE tags! Check the
thread
!
Quizzes
Events
Quiz Creation
Community
Videos
Private Events
Remove Ads
Sign In
Join for FREE
Feedback
Dark Mode
Quiz Categories
Sports
Geography
Music
Movies
Television
Just For Fun
Miscellaneous
History
Literature
Language
Science
Gaming
Entertainment
Religion
Holiday
For Kids
Quiz Lab
Recent
Popular Today
Quiz Kudos Today
Editor Picks
Curator Picks
Quizzes by...
Day
Popularity
Type
Ratings
Length
Year
Community
Subscriptions
Recent Discussions
Orange Saloon
Badges
Playlists
Quests
Create
Leaderboards
Showdown
Live 5
Trivia Bingo
Activity
Puzzle Library
Sporcle Events
Private Events
Virtual Trivia
Globe League
Become a Host
Pub Owners
SporcleCon
Opinionation
Our Games
Videos
Blog
Mobile Apps
Partnerships
Remove Ads and Go Orange
Feedback
Movies
Disney
Marvel Cinematic Universe
Movie Resume
Movie Titles
Oscar
Actor
Actress
Director
Pixar
Role
Movie Quotes
Movie Characters
Box Office
Nominee
Best Picture
Star Wars
James Bond
Horror Movies
Movies
Disney
Marvel Cinematic Universe
Movie Resume
Movie Titles
Oscar
Actor
Actress
Director
Pixar
Role
Movie Quotes
Movie Characters
Box Office
Nominee
Best Picture
Star Wars
James Bond
Horror Movies
Random Quiz
Search Sporcle
×
Quiz Lab
Quiz Lab
Movies
Actor
Type in answers that appear in a list
Type in answers that appear in a list
Classic
Best Score? Go Orange.
The best and worse celebrity autograph signers Stats
Can you name the best and worse celebrity autograph signers?
By
LuZo
10m
32 Questions
95 Plays
95 Plays
95 Plays
Comments
Comments
Give Quiz Kudos
Give Quiz Kudos
-
- Ratings
hide this ad
More Info
Replay
Link that replays current quiz
Next Quiz
Link to next quiz in quiz playlist
You Got
0%
They Got
Avg Score
22%
Avg Friend Score
Upgrade to see
Score Distribution
Jump to the score distribution portion of the page
Score
0/32
Timer
10:00
0
Plays Today
Best/Worse
Answer
% Correct
Best
Angelina Jolie & Brad Pitt
61.1%
Best
Tom Cruise
58.9%
Best
Will Smith
49.5%
Best
George Clooney
43.2%
Best
Johnny Depp
41.1%
Best
Matt Damon
36.8%
Best
Clint Eastwood
31.6%
Worse
Will Ferrell
31.6%
Worse
Morgan Freeman
31.6%
Worse
Bruce Willis
31.6%
Best
Jack Nicholson
30.5%
Best
John Travolta
27.4%
Best
Al Pacino
27.4%
Worse
Russell Crowe
26.3%
Worse
Cameron Diaz
25.3%
Worse
Kristen Stewart
17.9%
Best/Worse
Answer
% Correct
Worse
Megan Fox
17.9%
Worse
Scarlett Johansson
16.8%
Worse
Joaquin Phoenix
14.7%
Worse
Tobey Maguire
13.7%
Best
Elijah Wood
12.6%
Worse
Renée Zellweger
10.5%
Worse
William Shatner
9.5%
Worse
Julie Andrews
8.4%
Worse
Ashton Kutcher
7.4%
Best
Dakota Fanning
6.3%
Worse
John Malkovich
6.3%
Best
Katherine Heigl
5.3%
Best
Rosario Dawson
5.3%
Worse
Joseph Gordon-Levitt
4.2%
Best
Zac Efron
3.2%
Best
Anna Paquin
1.1%
Quiz Playlist
Details
Report
Send in Message
Add To Playlist
More Info:
This list is based on a study made by the Autograph Magazine.
Classic:
Type in answers that appear in a list
Last Updated: Feb 16, 2017
Quiz Scoreboard
CHALLENGE
Sign Up to Join the Scoreboard
Show All
Scores
Hide
Comments
May contain spoilers
Recently Published
5x2 Blitz: Bands
by SL_Kpop136
Music
30s
Colored Red Africa Blitz
by spor1
Geography
30s
Find the 'City' Movie
by crazypaving
Movies
60s
More to Explore
Quiz From the Vault
Featured Blog Post
14 Easter Pick-up Lines to Find Eggs With
hide this ad
You Might Also Like...
Tags
Actor Quiz
Actress Quiz
Celebrity Quiz
autograph
Worst
Today's Top Quizzes in Movies
Browse Movies
hide this ad
Today's Top Quizzes in Actor
Browse Actor
Top Contributed Quizzes in Movies
1
Find The 'Big' Movie
2
Find The 'Blue' Movie
3
Find The 'Wild' Movie
4
Movies By Plot
5
Hidden Star Wars Character II
6
Pick 5 Posters: Directed by Spielberg
7
Hidden Star Wars Character III
8
Hidden Star Wars Character IV
9
25 Best Actor Nominees (1990s)
10
Alfred Hitchcock Movies by Plot
Explore More
Trending Topics
Kpop
Marvel
NBA
Crossword
Disney
Harry Potter
Anime
Song
The Office
NFL
Puzzle
Soccer
WWE
Pokémon
Country
hide this ad
More By:
LuZo
Quiz
Plays
Rating
Category
Featured
Created
Arrow Season 3 Characters
1,005
3.67
Television
Dec 15, 2014
Top 40 Game of Thrones Characters
907
1.89
Television
Jul 7, 2014
Arrow Season 2 Characters
898
3.00
Television
Jul 16, 2014
World's Most Powerful Celebrities 2014
878
2.70
Entertainment
Jun 17, 2014
Best Actresses Working Today
819
1.78
Movies
Jul 15, 2014
Go to Creator's Profile
Score Distribution
Quiz Creator Spotlight
LuZo
Follow
Send a Message
Quizzes Created
-
Created Quiz Play Count
-
More By This Creator
Popular Quizzes Today
1
Colored Red Africa Blitz
2
Find the 'City' Movie
3
5x2 Blitz: Bands
4
Find the US States - No Outlines Minefield
5
The Countries of the World
6
Find the US States
7
US States
8
Find the Countries of Europe - No Outlines Minefield
More Movies Quizzes
Headband Movies
Curator's Pick
Trending Quizzes
Colored Red Europe Blitz I
Colored Red Europe Blitz II
Colored Red Africa Blitz II
Colored Red Europe Blitz III
Colored Red Africa Blitz III
Recently Updated
How Do You Spell That?
pecheneg
Godzilla Movies
pecheneg
Grab Bag: 4-10 Letters
pecheneg
2024 March Madness Bracket
pecheneg
Famous TV Couples
Peacemaker
Champions League XIs: Real Madrid
pecheneg
Largest US Cities 1790-2010
pecheneg
Rides in Walt Disney World
pecheneg
Most Oscar Losses (Acting)
pecheneg
Beyoncé Albums
pecheneg
Trending Topics
Kpop
Crossword
Anime
Disney
Marvel
NBA
Harry Potter
The Office
NFL
Puzzle
Pokémon
Country
WWE
Song
Soccer
Your Account Isn't Verified!
In order to create a playlist on Sporcle, you need to verify the email address you used during registration. Go to your
Sporcle Settings
to finish the process.
Report this User
Report this user for behavior that violates our
Community Guidelines
.
Details:
Send Report
Go to the Sporcle.com Mobile Site →
Comments